000 00616nam a2200193Ia 4500
005 20250508155748.0
008 008 250505s9999 xx 000 0 eng d
037 _aDissertations
040 _aFEDL
_beng
_cFEDL
041 _aeng
_2eng
084 _a371.2, SHY/DI
_qFEDL
100 _aShyam Sunder
245 0 _aInvestigation into the administrative and instructional problems created by the truants in the higher secondary schools of Delhi
260 _c1974
300 _a70p.
546 _aM.Ed Dissertation (Delhi University)
942 _cDIS
_h371.2, SHY/DI
999 _c1359174
_d1359174